|
|
|
|
| LEADER |
00000nam a22000007a 4500 |
| 005 |
20220822211851.0 |
| 007 |
cr|||| |||| |
| 008 |
220822s2020 pe |||||s|||| 00||0 spa d |
| 020 |
|
|
|a 9786123251550
|
| 035 |
|
|
|a 36913
|
| 040 |
|
|
|a vLex
|
| 090 |
|
|
|c 13769
|d 13769
|
| 100 |
1 |
|
|a Summers, Robert S.
|
| 245 |
1 |
3 |
|a Las razones sustantivas y la interpretacin̤ del Derecho en el common law
|h [Recurso electrn̤ico] /
|c Robert S. Summers
|
| 256 |
|
|
|a Servicio en ln̕ea
|
| 260 |
|
|
|a Lima:
|b Palestra Editores,
|c 2020
|
| 300 |
|
|
|a 1 recurso electrn̤ico
|
| 500 |
|
|
|a Este volumen incluye tres trabajos fundamentales del Profesor Summers sobre teora̕ de la argumentacion y la interpretacin̤ en los sistemas del Common law. El trabajo ms̀ importante de Summers dedicado al razonamiento jurd̕ico es un artc̕ulo del aǫ 78 y aparece en el primer capt̕ulo de este volumen. La fecha de publicacin̤ coincide con la de dos importantes libros sobre argumentacin̤ jurd̕ica de autores europeos que forman parte de esta coleccin̤: Legal Reasoning and Legal Theory, de Neil MacCormick, y Theorie der juristischen Argumentation, de Robert Alexy. Summers desarrolla una tipologa̕ de las buenas razones que cabe encontrar en los casos del Common law donde ubica cinco clases: sustantivas, autoritativas, fc̀ticas, interpretativas y crt̕icas. Las razones sustantivas son el centro del razonamiento en el Common law, esta pueden ser: razones de correccin̤, de fin y las razoines institucionales. Estas razones derivan su fuerza justificativa de consideraciones de carc̀ter moral, econm̤ico, polt̕ico, institucional o, en general, social.
|
| 506 |
1 |
|
|a Disponible solo en los productos indicados
|d vLex Global
|d vLex Global (Academic Edition, excluding Law Schools)
|d vLex Global (U.S. Academic Edition, Law Schools)
|d vLex Global (U.S. Academic Edition, excluding Law Schools)
|d vLex Global (Academic Edition, Law Schools)
|
| 650 |
0 |
4 |
|a Derecho Militar
|z Per︢
|
| 650 |
0 |
4 |
|a Filosofa̕ y religin̤
|z Per︢
|
| 740 |
0 |
|
|a vLex Libros (Servicio en ln̕ea)
|
| 856 |
4 |
0 |
|u https://app.vlex.com/#/sources/36913
|z Acceso restringido
|
| 942 |
|
|
|c BOOK
|
| 999 |
0 |
|
|a Military Law
|
| 999 |
0 |
|
|a Philosophy and religion
|